| 000 | 00459nam a2200157 i 4500 | ||
|---|---|---|---|
| 001 | 26030 | ||
| 003 | ES-MaACL | ||
| 005 | 20230906153356.0 | ||
| 007 | t| | ||
| 008 | 030107s1970 sp ||||1| spa d | ||
| 100 | 1 |
_aArteche, José de. _923442 |
|
| 245 | 1 | 0 |
_aCanto a Marichu / _cJosé de Arteche. |
| 260 |
_aSan Sebastián : _bSociedad Guipuzcoana de Ediciones y Publicaciones, _c[1970] |
||
| 300 |
_a242 p. ; _c20 cm. |
||
| 852 |
_aES-MaACL _jC-39905 _bR.73216 |
||
| 999 |
_c26030 _d26030 |
||